Fr. Conceicao Rodrigues College of Engineering

General & Electrical Drawing (Record no. 35703)

MARC details
000 -LEADER
fixed length control field 00350nam a2200145Ia 4500
100 ## - MAIN ENTRY--PERSONAL NAME
Personal name Arora.B.D./ Chand/ K.
245 ## - TITLE STATEMENT
Title General & Electrical Drawing
260 ## - PUBLICATION, DISTRIBUTION, ETC.
Name of publisher, distributor, etc. New Heights
Place of publication, distribution, etc. New Delhi
Date of publication, distribution, etc. 1992
300 ## - PHYSICAL DESCRIPTION
Extent 220
546 ## - LANGUAGE NOTE
Language note HINDI
650 ## - SUBJECT ADDED ENTRY--TOPICAL TERM
Topical term or geographic name entry element Electrical Engineering
654 ## - SUBJECT ADDED ENTRY--FACETED TOPICAL TERMS
Focus term General & electrical drawing
942 ## - ADDED ENTRY ELEMENTS (KOHA)
Koha item type BOOK
Holdings
Withdrawn status Lost status Damaged status Not for loan Collection Home library Current library Shelving location Date acquired Total Checkouts Full call number Barcode Date last seen Price effective from Koha item type
        ITI Fr. Agnel's C.Rodrigues College of Engineering Fr. Agnel's C.Rodrigues College of Engineering   17/03/2023   ITI203 17/03/2023 17/03/2023 BOOK
        ITI Fr. Agnel's C.Rodrigues College of Engineering Fr. Agnel's C.Rodrigues College of Engineering   17/03/2023   ITI204 17/03/2023 17/03/2023 BOOK
        ITI Fr. Agnel's C.Rodrigues College of Engineering Fr. Agnel's C.Rodrigues College of Engineering   17/03/2023   ITI205 17/03/2023 17/03/2023 BOOK
        ITI Fr. Agnel's C.Rodrigues College of Engineering Fr. Agnel's C.Rodrigues College of Engineering   17/03/2023   ITI206 17/03/2023 17/03/2023 BOOK